| 000 | 00567nam a22001937a 4500 | ||
|---|---|---|---|
| 999 |
_c173231 _d173231 |
||
| 005 | 20200220144906.0 | ||
| 010 | _a386820 | ||
| 020 | _c6.50 | ||
| 035 | _a386820 | ||
| 037 | _bBPPD/Pub. | ||
| 082 | _a841 | ||
| 100 | _aفراق گورکھپوری | ||
| 245 |
_aشبنمستاں / _cفراق گورکھپوری |
||
| 246 |
_aShabnamstan (urdu) / _bFarooq Gorakhpuri |
||
| 260 |
_aAllahabad _bSahitya Kala Bhawan _c1965 ء |
||
| 270 |
_a18-A, Mahatma Gandhi Marg _bAllahabad _e1 |
||
| 300 |
_a201p. _c21cm(Hb) |
||
| 942 |
_2ddc _cUR _h841 _mف ر ا |
||